• 首页
  • 本馆介绍
  • 公告通知
  • 最新文献
  • 馆藏检索
  • 电子资源
  • 读者导购
  • 参考咨询
  • 我的图书馆
  • 登录
  • 详细信息显示
  • 放入我的书架
  • 预约/预借图书
  • 作者相关作品
  • 分类相关作品
  • 丛书相关作品
  • 出版社相关作品

书目信息

  • 表格格式
  • 工作单格式
  • 卡片格式
题名:
给我的孩子讲中世纪
    
 
作者: 勒高夫 著
分册:  
出版信息: 重庆   重庆大学出版社  2013.03
页数: 119页
开本: 20cm
丛书名:
单 册:
中图分类: K13-49
科图分类:
主题词: 世界史:中世纪史
电子资源:
ISBN: 7-5624-7276-9
000 00574nam0 2200193 450
001 2634303139
005 20260414093338.04
010    @a7-5624-7276-9@dCNY17.00
100    @a20260414d2013 km y0chiy0120 ea
101 0  @achi
102    @aCN
200 1  @a给我的孩子讲中世纪@AGei Wo De Hai Zi Jiang Zhong Shi Ji@f勒高夫著@FLe Gao Fu Zhu
210    @a重庆@c重庆大学出版社@d2013.03
215    @a119页@d20cm
606 0  @a世界史:中世纪史
690    @aK13-49@v4
701  0 @a勒高夫@ALe Gao Fu@4著
801  0 @aCN@b大连网信软件有限公司图书馆·11@c20260414
905    @aZUCC@dK13-49@e416
    
    给我的孩子讲中世纪/勒高夫著.-重庆:重庆大学出版社,2013.03
    119页;20cm
    
    
    ISBN 7-5624-7276-9:CNY17.00
    
●
相关链接 在E读中查询图书 在五车中查询图书 在当当中查询图书 在豆瓣中查询图书


正题名:给我的孩子讲中世纪     索取号:K13-49/416         预约/预借

序号 登录号 条形码 馆藏地/架位号 状态 备注
1 1442605   214426058   第二样本阅览室/ [索取号:K13-49/416] 在馆    
唐山师范学院图书馆 欢迎您!
大连网信软件有限公司© 版权所有